Pays frontaliers de l'Irak - Statistiques

Statistiques générales
  • Ce quiz a été pris 73 fois
  • Le résultat moyen est 6 sur 6
Statistiques - réponses
Longueurs Pays % Correct
1 458 km Iran
99%
814 km Arabie Saoudite
96%
181 km Jordanie
96%
605 km Syrie
96%
240 km Koweït
87%
352 km Turquie
87%
Aucun quiz correspondant
Distribution des résultats
% des personnes avec chaque résultat
Percentile par nombre de réponses
Votre historique - résultats
Vous n’avez pas pris ce quiz